000 00318nam a2200121Ia 4500
008 241015s9999 xx 000 0 und d
041 _aeng
082 _a519 EIS
100 _aH A Eiselt
245 _aNonlinear Optimization Methods And Applications
260 _bSpringer
_aSwitzerland
_c2019
300 _a366;. P. 23 cm
999 _c41567
_d41567